|
|
|
|
| LEADER |
00953nam a2200241 a 4500 |
| 001 |
013220896 |
| 008 |
090621s2005 enka 001 0 eng d |
| 020 |
|
|
|a 9780500512463 :
|c Đ16.98
|
| 020 |
|
|
|a 0500512469 :
|c Đ16.98
|
| 040 |
|
|
|a StDuBDS
|b eng
|c StDuBDS
|d Uk
|
| 082 |
0 |
4 |
|a 712.6
|2 22
|
| 245 |
0 |
0 |
|a Outdoorliving :
|b the complete B&Q step-by-step guide to designing and enjoying your garden.
|
| 260 |
|
|
|a London :
|b Thames & Hudson,
|c 2005.
|
| 300 |
|
|
|a 384 p. :
|b col. ill. ;
|c 30 cm.
|
| 500 |
|
|
|a Formerly CIP.
|5 Uk
|
| 500 |
|
|
|a with over 1900 colour illustrations
|
| 504 |
|
|
|a Includes index.
|
| 541 |
1 |
|
|e 00015308
|
| 650 |
|
0 |
|a Gardens
|x Design.
|
| 710 |
2 |
|
|a B & Q (Firm)
|
| 852 |
4 |
|
|a Ayesha Abed Library
|j General shelf
|
| 999 |
|
|
|c 1516
|d 1516
|
| 952 |
|
|
|0 0
|1 4
|2 ddc
|4 0
|6 712_600000000000000_OUT
|7 0
|9 1392
|a BRACUL
|b BRACUL
|c GEN
|d 2009-06-28
|l 0
|o 712.6 OUT
|p 3010015308
|r 2009-06-28
|t 1
|w 2009-06-28
|y BK
|x Koha Inventory 2020
|